| 000 | 00402 a2200109 4500 | ||
|---|---|---|---|
| 001 | ART_17812 | ||
| 005 | 20260410161700.0 | ||
| 008 | 260409a | ||
| 245 | 1 | 0 | _aDinámica de la inflación y de la hiperinflación en un modelo de equilibrio de cartera con ingresos fisclaes endógenos. |
| 100 | 1 | _aEscudé, Guillermo J. | |
| 773 | 0 |
_tEnsayos Económicos _g- Nº 36 (dic. 1985) _wREV620 |
|
| 999 |
_c15115 _d15115 |
||